000 00715nam a2200193Ia 4500
008 130821s1996 xxu grff eng
020 _a0942208420
040 _aCo-BoUCM
_bspa
041 0 0 _aeng
100 1 _aPosusta, Steven
_9158351
245 1 0 _aDon't panic The procrastinator's guide to writing an effective term paper [you know who you are]
_cSteven Posusta
260 _aSanta Bárbara (California, Estados Unidos)
_bBandanna Books
_c1996
300 _a63 páginas
504 _aIncluye bibliografía e índice
650 0 4 _aArte de escribir
_vManuales
_9100440
650 0 4 _aEstilo literario
_vManuales
_915088
942 _cLIBRO
_2DEWEY
_a18
_e1
_h808.027
_mP855D
999 _c32686
_d32686